000 00447nam a2200145Ia 4500
008 100122s9999 xx 000 0 und d
082 _b32206
_a770.2
100 _aBOWSKILL D
245 _aPHOTOGRAPHY MADE SIMPLE (क.क्र.8/2)
260 _bWILLAM COLLINS SONS & COMPANY LIMITED
_c1975
300 _a253
630 _aPHOTOGRAPHY MADE SIMPLE (क.क्र.8/2)
730 _aPHOTOGRAPHY MADE SIMPLE (क.क्र.8/2)
942 _cBOOK
999 _c370076
_d370073